Wszystkie przystanki tramwajowe linii numer 17 we Wrocławiu - Statystyki

Ogólne statystyki
  • Ten quiz został rozwiązany 13 razy
  • Średni wynik to 23 z 31
Statystyki odpowiedzi
Hint Odpowiedź % Poprawnych
1 Klecina
100%
6 Krzyki
100%
14 Arkady Capitol
92%
18 Galeria Dominikańska
92%
20 Hala Targowa
92%
9 Hallera
92%
16 Opera
92%
15 Renoma
92%
31 Sępolno
92%
7 Orla
83%
4 Przyjaźni
83%
11 Rondo
83%
12 Wielka
83%
29 8 Maja
75%
22 Ogród Botaniczny Sienkiewicza
75%
17 Park Staromiejski Bastion
75%
21 pl. Bema
75%
19 pl. Nowy Targ
75%
10 Sztabowa
75%
8 Jastrzębia
67%
25 Kochanowskiego
67%
24 Piastowska Sienkiewicza
67%
5 Radio i Telewizja
67%
28 Stadion Olimpijski
67%
3 Braterska
58%
26 Chopina
50%
23 Górnickiego Sienkiewicza
50%
30 Godebskiego AWF
42%
27 Karłowicza
33%
2 Sąsiedzka
33%
13 Zaoziańska
25%
Nie znaleziono quizów pasujących do podanych kryteriów
Rozkład punktacji
Procent ludzi z każdym wynikiem
Percentyl według liczby udzielonych odpowiedzi
Twoja historia wyników
Nie rozwiązałeś tego quizu